000 00498cam a2200181Ma 4500
020 _a9780321695291
020 _a0321695291
040 _cNLE
082 _a542 PEA 2014 A118 Or.
100 1 _aTimberlake, Karen C.
245 1 0 _aLaboratory manual for General, organic and biological chemistry /
250 _aSecond edition
300 _axxii, D 1-84, 503 pages :
_billustrations ;
_c28 cm
650 0 _aChemistry
700 1 _aTimberlake, Karen.
700 1 _aBurce, Gary.
942 _cAEDBB
999 _c20749
_d20749